How To Train Your Dragon Characters Quiz - Statistics

General Stats
  • This quiz has been taken 1,735 times
  • The average score is 10 of 15
Answer Stats
Hint Answer % Correct
Night Fury Toothless
98%
Chief's Son Hiccup
97%
Violent But Nice Girl Astrid
93%
Dragonknowledge Boy Fishlegs
82%
Deadly Nadder Stormfly
80%
Blacksmith/Dragon Dentist Gobber
74%
Gronckle Meatlug
73%
Monstrous Nightmare Hookfang
71%
Dumb Twins Ruffnut and Tuffnut
66%
Hideous Zippleback Barf and Belch
65%
Ginger Bearded Guy Stoick
65%
White Red Dragon Screaming Death
34%
Orange Typhoomerang Torch
27%
Grey Dragon How Hates Sunlight Whispering Death
26%
Fog Monster Smothering Smokebreaths
10%
No matching quizzes found
Score Distribution
Percent of People with Each Score
Percentile by Number Answered
Your Score History
You have not taken this quiz